Statystyki dla Skład mistrzów świata z 2002 roku.

Kliknij tutaj aby rozwiązać quiz!

Ogólne statystyki

  • Ten quiz został rozwiązany 78 razy
  • Średni wynik to 6 z 11

Statystyki odpowiedzi

#Zawodnikpozycja% Poprawnych
9RonaldoN
100%
10RivaldoN
92%
6Roberto CarlosLP
87%
11RonaldinhoŚPO
87%
2CafuPP
77%
3LucioŚO
56%
8Gilberto SilvaŚP
37%
1Marcos RobertoBR
37%
5EdmilsonŚO
17%
15KlebersonŚP
17%
4Roque JuniorŚO
14%

Rozkład punktacji

Percentyl według liczby udzielonych odpowiedzi

Procent ludzi z każdym wynikiem

Twoja historia wyników

Nie rozwiązałeś tego quizu